The thinking ape : evolutionary origins of intelligence

Αποθηκεύτηκε σε:
Λεπτομέρειες βιβλιογραφικής εγγραφής
Κύριος συγγραφέας: Byrne, Richard W.
Μορφή: Βιβλίο
Γλώσσα:English
Δημοσίευση: Oxford : Oxford University Press, 1995
Θέματα:
Ετικέτες: Προσθήκη ετικέτας
Δεν υπάρχουν, Καταχωρήστε ετικέτα πρώτοι!

MARC

LEADER 00000nam a2200000 i 4500
001 1/78204
008 980205s1995 eng d
020 |a 0-19-852265-7 
035 |a 1995  |b 3  |c Αγορά/Τσουτσουλοπούλου  |l 10032864 
040 |a GR-MY-UA  |b gre  |e aacr 
041 0 |a eng 
082 0 |a 156.3 
100 1 |a Byrne, Richard W. 
245 1 4 |a The thinking ape :  |b evolutionary origins of intelligence /  |c Richard Byrne 
260 |a Oxford :   |b Oxford University Press,   |c 1995 
300 |a 265 p. 
650 0 0 |a Intellect. 
650 0 0 |a Animal intelligence. 
650 0 0 |a Psychology, Comparative. 
650 0 0 |a Human evolution. 
650 0 0 |a Social evolution. 
852 |a INST  |b RHODES  |e 19980205  |h 156.3 BYR  |p 005400005005  |q 005400005005  |t BK  |y 0 
901 |a BIBL-1998-1 
909 |a Ρ  |b 050792  |c 1995